000 00826nam a2200217 a 4500
001 74466
003 BD-RjUL
005 20211209082545.0
008 181002s2017 b ||||| |||| 00| 0 ben d
035 _a(BD-RjUL)
040 _aBD-RjUL
_beng
_cBD-RjUL
041 _aben
082 _223
_a398.954923
_bBAC 2017
100 1 _aবড়ুয়া, শিমুল
_9223200
245 1 0 _aচট্টগ্রামের প্রবাদ-প্রবচন /
_cশিমুল বড়ুয়া,
260 _aঢাকা ঃ
_bখড়িমাটি ,
_c২০১৭
300 _a১৮৪ পৃ.
_c২২ সেমি
650 _aবাংলা সাহিত্য
_vপ্রবাদ
_zচট্টগ্রাম
_9223201
650 _aBengali literature
_vProverbs.
_zChittagong
_9223202
942 _2ddc
_cBK
999 _c74466
_d74466